=LDR 00000nam 2200000 4500 =001 INLIS000000000039988 =005 20130612145600 =008 ***********************************Ind** =035 ##$$0010-061300000039988 =041 ##$$a Ind =082 ##$$a 813 =090 ##$$a 813, Jen a.2 =100 ##$$a Jennings Gary =245 ##$$a APOCALYPSE 2012b Kode Akhir Zaman Paling Mengerikan =260 ##$$a 2010 $b 6aJakarta =850 ##$$a NBPNMAT